The Arbitration (Scotland) Act 2010 (Commencement No. 1 and Transitional Provisions) Order 2010 (Record no. 110686)

MARC details
000 -LEADER
fixed length control field 01358cad a22002535a 4500
001 - CONTROL NUMBER
control field E149954
008 - FIXED-LENGTH DATA ELEMENTS--GENERAL INFORMATION
fixed length control field 100519s2010 xxk f l s000 0 eng d
035 ## - SYSTEM CONTROL NUMBER
System control number (Sirsi) u149954
041 0# - LANGUAGE CODE
Language code of text/sound track or separate title eng
050 04 - LIBRARY OF CONGRESS CALL NUMBER
Classification number 347.4209 $2 18
110 2# - MAIN ENTRY--CORPORATE NAME
Corporate name or jurisdiction name as entry element Scotland
Form subheading Laws, etc
245 04 - TITLE STATEMENT
Title The Arbitration (Scotland) Act 2010 (Commencement No. 1 and Transitional Provisions) Order 2010
Medium [electronic resource]
260 ## - PUBLICATION, DISTRIBUTION, ETC.
Place of publication, distribution, etc. London
Name of publisher, distributor, etc. OPSI
Date of publication, distribution, etc. 2010
490 #0 - SERIES STATEMENT
Series statement Scottish Statutory Instrument
Volume/sequential designation 2010: 195
520 ## - SUMMARY, ETC.
Summary, etc. Sets out that most of the provisions of the Act not already in force come into force on 7 June 2010. Those provisions of the Act do not come into force for the purposes of statutory arbitration, except for section 17 (power to adapt enactments providing for statutory arbitration) which comes into force for all purposes. Also outlines transitional provisions.
521 ## - TARGET AUDIENCE NOTE
Target audience note Advanced
590 ## - LOCAL NOTE (RLIN)
Local note KA
650 24 - SUBJECT ADDED ENTRY--TOPICAL TERM
Topical term or geographic name entry element ARBITRATION (SCOTLAND) ACT 2010 (COMMENCEMENT NO. 1 AND TRANSITIONAL PROVISIONS) ORDER 2010
650 24 - SUBJECT ADDED ENTRY--TOPICAL TERM
Topical term or geographic name entry element ARBITRATION (SCOTLAND) ACT 2010
651 #4 - SUBJECT ADDED ENTRY--GEOGRAPHIC NAME
Geographic name Scotland
Chronological subdivision 1999-
690 ## - LOCAL SUBJECT ADDED ENTRY--TOPICAL TERM (OCLC, RLIN)
Topical term or geographic name as entry element MANAGEMENT-DISPUTE AVOIDANCE, MANAGEMENT AND RESOLUTION-DISPUTE MANAGEMENT AND RESOLUTION-ARBITRATION
856 40 - ELECTRONIC LOCATION AND ACCESS
Uniform Resource Identifier <a href="https://www.opsi.gov.uk/legislation/scotland/ssi2010/ssi_20100195_en_1">https://www.opsi.gov.uk/legislation/scotland/ssi2010/ssi_20100195_en_1</a>
Public note View the SI free of charge at www.opsi.gov.uk...
942 ## - ADDED ENTRY ELEMENTS (KOHA)
Suppress in OPAC 0
Holdings
Withdrawn status Lost status Source of classification or shelving scheme Damaged status Not for loan Home library Current library Shelving location Date acquired Total Checkouts Full call number Barcode Date last seen Copy number Price effective from Koha item type
    Dewey Decimal Classification     Virtual Virtual Online 19/05/2010   ONLINE PUBLICATION 149954-2001 06/08/2019 1 06/08/2019 Book